Countries Using The Dollar - Statistics

General Stats
  • This quiz has been taken 11 times
  • The average score is 24 of 36
Answer Stats
Hint Answer % Correct
oceania australia
100%
caribbean bahamas
100%
north america canada
100%
north america USA
100%
caribbean antigua
89%
caribbean barbados
89%
caribbean dominica
89%
caribbean saint lucia
89%
caribbean saint vincent
89%
central america belize
78%
caribbean grenada
78%
oceania kiribati
78%
oceania micronesia
78%
oceania nauru
78%
oceania new zealand
78%
caribbean saint kitts
78%
asia singapore
78%
south america suriname
78%
caribbean trinidad and tobago
78%
oceania tuvalu
78%
oceania fiji
67%
oceania marshall islands
67%
oceania palau
67%
oceania solomon islands
67%
south america guyana
56%
caribbean jamaica
56%
africa liberia
56%
atlantic bermuda
44%
asia brunei
44%
south america ecuador
44%
asia hong kong
44%
asia east timor
33%
asia taiwan
33%
caribbean cayman islands
22%
el salvador central america
22%
africa namibia
22%
No matching quizzes found
Score Distribution
Percent of People with Each Score
Percentile by Number Answered
Your Score History
You have not taken this quiz